La historia de Manú /

Manú es una niña aymara. Vive en el altiplano chileno donde cuida a sus doce llamas y juega con su mejor amigo, Kunturo, un cóndor. Pero Manú no es como los demás. Ella puede ver el futuro en sus sueños. Hoy está de cumpleaños y quiere un regalo especial: estudiar en la ciudad porque en su pueblo no...

Descripción completa

Guardado en:
Autor Principal: del Río, Ana María.
Otros Autores: Cardemil, Carmen; il.
Formato: Libro
Idioma:Undetermined
Publicado: Madrid : Alfaguara, 2000.
Series:Derechos del niño ; 10
Materias:
Etiquetas: Agregar Etiqueta
Sin Etiquetas, Sea el primero en etiquetar este registro!
LEADER 01534nam a22002295a 4500
001 CEM.cems021024
008 240412s2000####sp############000#0#und#d
005 20240412171019.0
245 1 0 |a La historia de Manú /  |c Ana María del Río ; ilustrado por Carmen Cardemil. 
260 |a Madrid :  |b Alfaguara,  |c 2000. 
300 |a 32 p. 
490 1 |a Derechos del niño ;  |v 10 
520 |a Manú es una niña aymara. Vive en el altiplano chileno donde cuida a sus doce llamas y juega con su mejor amigo, Kunturo, un cóndor. Pero Manú no es como los demás. Ella puede ver el futuro en sus sueños. Hoy está de cumpleaños y quiere un regalo especial: estudiar en la ciudad porque en su pueblo no hay escuela. Sus sueños le dicen que debe ir, que algo grave va a ocurrir. Para ir al colegio, Manú deberá vencer grandes obstáculos y descubrirá que la ciudad no es lo que imaginaba. Aprenderá, con dolor, que su pueblo es diferenciado por su aspecto físico, su lengua y su cultura, y que eso despierta rechazo en muchos. Sin embargo, su fortaleza le permitirá lograr que su gente y la de la ciudad establezcan fuertes lazos de amistad, nunca antes vistos. 
020 |a 8420458465 
100 1 |a del Río, Ana María. 
700 1 |a Cardemil, Carmen; il. 
653 |a Literatura chilena 
653 |a Novela infantil 
653 |a Literatura infantil 
653 |a Derechos del niño 
859 |a CEMS  |b BIB. CEMS - Inicial y Primaria  |h Ch863.4  |i D387  |k IP  |p 2165  |t Ej.1 
859 |a CEMS  |b BIB. CEMS - Inicial y Primaria  |h Ch863.4  |i D387  |k IP  |p 3089  |t Ej.2